000 00556nam a2200169Ia 4500
003 GCL
008 140319s9999 xx 000 0 ara d
040 _aGCL /
_cGCL
082 0 4 _a189.1
_bا ك
100 1 _aامين سلامة
245 1 0 _aكوميديات اريستوفانيس (هدية من الاديب عبدالفتاح الجمل) /
_cامين سلامة
490 _aسلسلة الكتب المترجمة
_v0
650 0 4 _aالفلسفة
650 0 4 _aالفلسفة اليونانية
650 0 4 _aارسطوطاليس
942 _2ddc
_cBK
999 _c42312
_d42312